| 000 | 00416nam a2200133Ia 4500 | ||
|---|---|---|---|
| 008 | 220204s9999 xx 000 0 und d | ||
| 082 |
_a581.1:633(06) _bLUC |
||
| 100 | _aCUTTING, C V | ||
| 245 | 0 | _aPhysiology of tree crops: Proceedings of the symposium held at Long Ashton Research Station 1969 | |
| 260 |
_aLondon _bAcademic _c1970 |
||
| 650 | _aRubber trees exploitation | ||
| 700 | _aLUCKWILL, L C | ||
| 942 | _cBK | ||
| 999 |
_c23115 _d23115 |
||